000 00323nam a2200145Ia 4500
100 _aNarayanan/V.K
942 _cBK
366 _f25
245 _aManaging technology and innovation for competitive advantage
260 _bPearson Education
_c2001
082 _bNAR
300 _a510
546 _aENGLISH
999 _c22402
_d22402